| 000 | 01137cad a22002655a 4500 | ||
|---|---|---|---|
| 001 | L155703 | ||
| 008 | 120403s2012 xxk 000 0 eng d | ||
| 035 | _a(Sirsi) u155703 | ||
| 041 | 0 | _aeng | |
| 110 | 2 |
_aEC Harris _94930 |
|
| 245 | 0 | 0 |
_aInternational Focus on the Balkans _bBalkans slowly recover from the recession although euro problem could create further issues _h[electronic resource] |
| 260 |
_a[S.l.] _bECHarris _c2012 |
||
| 490 | 0 |
_aEC Harris Research _vSpring 2012 |
|
| 520 | _aA look at the economics, the real estate market, investment, the construction industry, and employment and wages in Serbia, Croatia, Montenegro, Bosnia Herzegovina, and Macedonia; a snapshot look at economy and construction in the Balkans. | ||
| 590 | _aKA NTK | ||
| 651 | 4 | _aSerbia | |
| 651 | 4 | _aCroatia | |
| 651 | 4 | _aMontenegro | |
| 651 | 4 | _aBosnia And Herzegovina | |
| 651 | 4 | _aMacedonia | |
| 690 |
_aConstruction management _96230 |
||
| 690 |
_aCommercial property _96227 |
||
| 856 | 4 | 0 |
_uhttps://www.echarris.com/pdf/8220_International_Focus_on_the_Balkans_FINAL.pdf _zView the item free of charge at www.echarris.com |
| 942 | _n0 | ||
| 999 |
_c113769 _d113769 |
||